01319nam a2200313 i 4500001001000000003000900010005001700019007000300036008004100039040003000080041000800110082002800118245002900146264007200175300005700247336002700304337003300331338002800364590002600392650007000418650008500488650002400573710005400597910003700651942001400688952014000702952014600842999001700988000038227DO-SdBNP20260317084307.0ta130404s2003 dr ad 000 0 spa d aDO-SdBNPbspacBNPHUerda aspa 4a331.12bM553t, 200222200aMercado de trabajo 2002. 1aSanto Domingo :bBanco Central de la República Dominicana,c2003. a159 páginas :bilustraciones, gráficos ;c21 cm. atextobtxt2rdacontent asin mediaciónbn2rdamedia avolumenbnc2rdacarrier aInventariado, 2018/VM 7aMercado de trabajozRepública Dominicanay20029190582LIBRUNAM 7aMercado de trabajozRepública Dominicanay2002vEstadística2LIBRUNAM919058 4aEmpleoy20029646012 aBanco Central de la República Dominicana983405 aValidado. Control de calidad MFF 2ddccLBS1 00102ddc51708PDaBNPHUbBNPHUcHDd2013-04-04l0oBNPHU PD 331.12 M553t, 2002p38227-10r2020-06-25w2020-06-25yLBS1ZNo se presta 00102ddc51708PDaBNPHUbBNPHUcHDd2017-04-20l0oBNPHU PD 331.12 M553t, 2002p38227-20r2020-06-25te. 2w2020-06-25yLBS1ZNo se presta c37717d37717